000 01577nam a22002177a 4500
005 20240321151818.0
010 _aB-758133-142
020 _a9789355322418
_c595.00
035 _aB-758133-142
037 _bप्रगति पब्लिकेशन
082 _a910.954
100 _aहुसैन,माजिद
_963805
245 _aभारत एवं विश्व का भूगोल:
_bसिविल सेवा / राज्य सेवा की परीक्षा हेतु एक सफल मार्गदर्शिका /
_cमाजिद हुसैन ; तसव्वुर हुसैन जैद़ी द्वारा संपादित
250 _aछठा संस्करण
260 _aचेन्नई
_bमैकग्रा हिल एजुकेशन प्रा. लि.
_c2023
270 _a444/1 , श्री एकम्बरा नेकर इंडस्ट्रियल स्टेट ,अलपक्कम,पोरूर ,चेन्नई
_bचेन्नई
_e60116
300 _aवि. पृ.
_c 25 (अजिल्द)
700 _aजैद़ी,तसव्वुर हुसैन
_961023
942 _cHN
_h910.954
_mहुसैन
_2ddc
999 _c200193
_d200193